Programas de ahorro energético y uso racional de la energía, una necesidad empresarial
Guardado en:
| Hovedforfatter: | |
|---|---|
| Format: | Bog |
| Udgivet: |
San José, C.R
1999
|
| Fag: | |
| Tags: |
Tilføj Tag
Ingen Tags, Vær først til at tagge denne postø!
|
MARC
| LEADER | 00000nam a2200000Ia 4500 | ||
|---|---|---|---|
| 003 | 008304 | ||
| 005 | 20221231144217.0 | ||
| 008 | 140114s1999 c a m 000 ||s d | ||
| 040 | |c cru CEDI | ||
| 090 | |a TFG 4006 | ||
| 100 | |a Céspedes Acosta, Gustavo Adolfo |9 8668 | ||
| 245 | |a Programas de ahorro energético y uso racional de la energía, una necesidad empresarial | ||
| 260 | |c 1999 |a San José, C.R | ||
| 300 | |a viii, 131 hojas | ||
| 500 | |a Tesis (licenciatura en ingeniería eléctrica)--Universidad de Costa Rica. Facultad de Ingeniería. Escuela de Ingeniería Eléctrica | ||
| 650 | |x CONSERVACION DE LA ENERGIA - COSTA RICA |x ENERGETICOS - COSTA RICA |x CONSUMO DE ENERGIA - COSTA RICA |x ENERGIA ELECTRICA - COSTA RICA |9 8669 | ||
| 942 | |c TFG | ||
| 999 | |c 18487 |d 18487 | ||
